| 000 -LEADER | |
|---|---|
| fixed length control field | 00458nam a22001817a 4500 |
| 005 - DATE AND TIME OF LATEST TRANSACTION | |
| control field | 20250312110918.0 |
| 008 - FIXED-LENGTH DATA ELEMENTS--GENERAL INFORMATION | |
| fixed length control field | 160701b xxu||||| |||| 00| 0 eng d |
| 020 ## - INTERNATIONAL STANDARD BOOK NUMBER | |
| ISBN | 978-81-203-4398-1 |
| 041 ## - LANGUAGE CODE | |
| Language code of text/sound track or separate title | eng |
| 082 ## - DEWEY DECIMAL CLASSIFICATION NUMBER | |
| Item number | 20442 |
| Classification number | 005.1 |
| 100 ## - MAIN ENTRY--AUTHOR NAME | |
| Personal name | MALL, RAJIB |
| 245 ## - TITLE STATEMENT | |
| Title | FUNDAMENTALS OF SOFTWARE ENGINEERING |
| 250 ## - EDITION STATEMENT | |
| Edition statement | 4th ed., 2014 |
| 260 ## - PUBLICATION, DISTRIBUTION, ETC. (IMPRINT) | |
| Name of publisher | PHI LEARNING PVT LTD |
| Year of publication | 2015 |
| Place of publication | DELHI |
| 300 ## - PHYSICAL DESCRIPTION | |
| Number of Pages | 530 |
| 650 ## - SUBJECT ADDED ENTRY--TOPICAL TERM | |
| Topical Term | COMPUTER SCIENCE |
| 942 ## - ADDED ENTRY ELEMENTS (KOHA) | |
| Koha item type | Books |
| Lost status | Damaged status | Collection code | Home library | Current library | Shelving location | Date acquired | Cost, normal purchase price | Full call number | Accession Number | Koha item type | Source of acquisition |
|---|---|---|---|---|---|---|---|---|---|---|---|
| Reference | JRU Library | SHELF-30-D | 01/07/2016 | 325.00 | 20442 | 20442 | Books | ||||
| CS/IT | JRU Library | JRU Library | SHELF-53-H | 01/07/2016 | 325.00 | 005.1 | 20443 | Books | |||
| CS/IT | JRU Library | JRU Library | SHELF-55-B | 01/07/2016 | 325.00 | 005.1 | 20444 | Books | PURCHASE | ||
| CS/IT | JRU Library | JRU Library | SHELF-53-H | 01/07/2016 | 325.00 | 005.1 | 20445 | Books | |||
| CS/IT | JRU Library | JRU Library | SHELF-53-H | 01/07/2016 | 325.00 | 005.1 | 20446 | Books | |||
| CS/IT | JRU Library | JRU Library | SHELF-53-H | 01/07/2016 | 325.00 | 005.1 | 20447 | Books | |||
| CS/IT | JRU Library | JRU Library | SHELF-53-H | 01/07/2016 | 325.00 | 005.1 | 20448 | Books | |||
| CS/IT | JRU Library | JRU Library | SHELF-53-H | 01/07/2016 | 325.00 | 005.1 | 20449 | Books | PURCHASE | ||
| CS/IT | JRU Library | JRU Library | SHELF-53-H | 01/07/2016 | 325.00 | 005.1 | 20450 | Books | PURCHASE | ||
| CS/IT | JRU Library | JRU Library | SHELF-53-H | 01/07/2016 | 325.00 | 005.1 | 20451 | Books | PURCHASE |